000 00596nam a2200253 a 4500
001 nice12345678
003 IN_TiNIC
005 20260116011344.0
008 050524s1921 lona grp 000 0 eng
020 _a
_c100
082 0 0 _a909.07
_bMAR
100 _aMarzials, Frank
245 _aMemoirs of the Crusades
260 _aLondon
_bJ. M. Dent & Sons Ltd
_c1921
300 _a340p
500 _aincludes index and biblioraphy
505 2 _aIndex
650 _aCrusade-History
650 _aCrusades
700 1 _aMarzials, Frank
902 _bSRS
942 _cBK
999 _c808
_d808